Biblioteca

Israel in the period of the judges (Registro nro. 65697)

Detalles MARC
000 -LÍDER
Campo fijo de descripción fija 01309cam a2200373 i 4500
001 - NÚMERO DE CONTROL
Campo de control 768714001
003 - IDENTIFICADOR DEL NÚMERO DE CONTROL
Campo de control CO-MdFUSB
005 - FECHA Y HORA DE LA ULTIMA TRANSACCIÓN
control field 20200724112532.0
007 - CAMPO FIJO DE DESCRIPCIÓN FIJA--INFORMACIÓN GENERAL
Campo fijo de descripción fija ta
008 - ELEMENTOS DE LONGITUD FIJA -- INFORMACIÓN GENERAL
Campo fijo de descripción fija -- Información general 740507s1974 ilu b 001 0 eng
010 ## - NÚMERO DE CONTROL DE LA BIBLIOTECA DEL CONGRESO
Número de control LC 73085127
020 ## - NÚMERO INTERNACIONAL NORMALIZADO PARA LIBROS
Número Internacional Normalizado del libro 0840130791
040 ## - FUENTE DE CATALOGACIÓN
Agencia de catalogación original DLC
Agencia que realiza la transcripción CO-MdFUSB
Agencia que realiza la modificación DLC
-- CO-MdFUSB
Idioma de catalogación spa
Convenciones de la descripción rda
041 ## - CÓDIGO DE IDIOMA
Código de idioma para texto/pista de sonido o título separado eng
082 00 - NÚMERO DE CLASIFICACIÓN DECIMAL DEWEY
Número de la edición del Dewey 23
Número de clasificación 222.3209
Clave de autor-Numero de item M468
100 1# - ASIENTO PRINCIPAL--NOMBRE PERSONAL
Nombre personal Mayes, A. D. H.
Término relacionador autor
245 10 - TÍTULO
Título del Material Israel in the period of the judges
Mención de responsabilidad, etc. / A. D. H. Mayes.
264 #1 - PRODUCCIÓN, PUBLICACIÓN, DISTRIBUCIÓN, MANUFACTURA, Y COPYRIGHT
Lugar de producción, publicación, distribución, manufactura Naperville :
Nombre del productor, publicador, distribuidor A.R. Allenson,
Fecha de producción, publicación, distribución, manufactura, o copyright [1974]
264 #4 - PRODUCCIÓN, PUBLICACIÓN, DISTRIBUCIÓN, MANUFACTURA, Y COPYRIGHT
Fecha de producción, publicación, distribución, manufactura, o copyright © 1974
300 ## - DESCRIPCIÓN FÍSICA
Extensión 156 páginas.
Dimensiones 22 cm.
336 ## - TIPO DE CONTENIDO
Fuente rdacontent
Término de tipo de contenido texto
Código de tipo de contenido txt
337 ## - TIPO DE MEDIO
Fuente rdamedia
Nombre del tipo de medio sin mediación
Código del tipo de medio n
338 ## - TIPO DE SOPORTE
Fuente rdacarrier
Nombre del tipo de soporte volumen
Código Tipo de soporte nc
490 ## - MENCIÓN DE SERIE
Mención de serie Studies in Biblical Theology
504 ## - NOTA DE BIBLIOGRAFÍA, ETC.
Nota de bibliografía, etc Bibliography: p. [140]-147.
505 ## - NOTA DE CONTENIDO
Nota de contenido con formato preestablecido I. La teoría de la anfictionía - II. La anfitonía israelita - Las listas tribales - El santuario central - El juez de Israel - Las fronteras tribales - Guerra en el período de los jueces - III. Israel en el período de los jueces - IV. Conclusión.
563 ## - NOTA DE ENCUADERNACIÓN
Nota de encuadernación Tapa dura
630 #7 - TITULO UNIFORME
Título uniforme Biblia.
Nombre de parte o sección de la obra Jueces
Subdivisión de materia general Crítica, interpretación, etc.
651 #7 - ASIENTO SECUNDARIO DE MATERIA - NOMBRE GEOGRAFICO
Nombre geográfico Israel
Subdivisión general Historia
942 ## - TIPO DE MATERIAL (KOHA)
Tipo de Item KOHA Libros General
945 ## - INFORMACIÓN LOCAL DEL REGISTRO
Catalogador JTF-925
Revisión registro AEM-53
Existencias
Estado de Material Estado de Perdido Forma de Clasificación Estado de Dañado No para Préstamo Colección Biblioteca de Origen Biblioteca Permanente Fecha de Adquisición Forma de Adquisición Área Total de Préstamos Total de Renovaciones Signatura Topográfica Código de Barras Última vez visto Última vez Préstado Ejemplar/Existencia Fecha de Remplazo Tipo de Material
    Dewey Decimal Classification     Colección General Biblioteca FUSBC Biblioteca FUSBC 17/04/2020 Donación Nottingham BIBLIA 1 1 G 222.3209 M468i 25891 01/03/2024 06/05/2023 Ej.1 17/04/2020 Libros General

Biblioteca FUSBC | Teléfono: (57+4) 349 88 10 Ext. 141| WhatsApp (+57) 3005338115 
E-mail: biblioteca@unisbc.edu.co | Calle 76 87-14 Robledo Palenque, Medellín, Colombia

Con tecnología Koha